| 000 | 009400000a22003250004500 | ||
|---|---|---|---|
| 001 | 20726 | ||
| 003 | CO-MdFUSB | ||
| 005 | 20180622170204.0 | ||
| 008 | 160913b xxu||||| |||| 00| 0 eng d | ||
| 020 | _a0-687-49130-4 | ||
| 040 |
_aCO-MdFUSB _bInglés _cCO-MdFUSB _dCO-MdFUSB |
||
| 041 | _aeng | ||
| 082 |
_224 _aG 268.4 _bW769g |
||
| 100 | 1 |
_aWingeier, Douglas E. _eautor |
|
| 245 | 1 | 0 |
_aGod's living covenant _c/ Douglas E. Wingeier |
| 264 |
_aNashville, Tennessee : _bAbingdon Press, _c2006 |
||
| 300 | _a91 páginas | ||
| 336 |
_2rdacontent _a1 _ba1 |
||
| 337 |
_2rdamedia _a2 _b5 |
||
| 338 |
_2rdacarrier _a2 _b5 |
||
| 490 | _aGreat Themes of the bible | ||
| 501 | _aRústico | ||
| 505 | 0 | 0 | _aEl pacto vivo de Dios - Un estudio bíblico para grupos pequeños: 7 sesiones |
| 650 | 7 |
_9349 _aEducación cristiana |
|
| 653 | _aPacto | ||
| 653 | _aAlianza | ||
| 830 | _aCovenant | ||
| 942 | _cBK | ||
| 999 |
_c47077 _d47077 |
||